000 00399nam a2200169Ia 4500
008 230711s9999||||xx |||||||||||||| ||und||
020 _a978-988-621-48-1
041 _aENG
082 _a720
_bTA-W
100 _aTart,J
245 0 _aWorld Architecture :: urban complex
250 _a1st Ed.
260 _c2012
_aHong Kong
_bPace Book Ltd
300 _a353
650 _aArchitecture
942 _cBK
999 _c5724
_d5724